000
00201 a2200097 4500
001
18001
100
_a
Havighurst, R J
245
_a
Society and education
260
_a
_b
3rd
_c
090
_c
13305
_d
13305
942
_a
NUST-CAE
_c
M
_c
3676
999
_c
253074
_d
253074